The emergent manager

Bibliographic Details
Main Author: Watson, Tony J.
Corporate Author: ProQuest (Firm)
Other Authors: Harris, Pauline.
Format: Electronic eBook
Language:English
Published: London ; Thousand Oaks, [Calif.] : Sage Publications, 1999.
Subjects:
Online Access:Click to View
LEADER 01383nam a2200397 a 4500
001 EBC483337
003 MiAaPQ
005 20200520144314.0
006 m o d |
007 cr cn|||||||||
008 990617s1999 enk sb 001 0 eng d
010 |z  99071366  
020 |z 076195841X 
020 |z 0761958428 (pbk.) 
020 |z 9780761958413 
020 |a 9780857022073 (electronic bk.) 
035 |a (MiAaPQ)EBC483337 
035 |a (Au-PeEL)EBL483337 
035 |a (CaPaEBR)ebr10369667 
035 |a (CaONFJC)MIL255963 
035 |a (OCoLC)609855779 
040 |a MiAaPQ  |c MiAaPQ  |d MiAaPQ 
050 4 |a HD38  |b .W3744 1999 
082 0 4 |a 658  |2 21 
100 1 |a Watson, Tony J. 
245 1 4 |a The emergent manager  |h [electronic resource] /  |c Tony Watson and Pauline Harris. 
260 |a London ;  |a Thousand Oaks, [Calif.] :  |b Sage Publications,  |c 1999. 
300 |a viii, 254 p. 
504 |a Includes bibliographical references and indexes. 
533 |a Electronic reproduction. Ann Arbor, MI : ProQuest, 2015. Available via World Wide Web. Access may be limited to ProQuest affiliated libraries. 
650 0 |a Management. 
650 0 |a Organizational effectiveness. 
655 4 |a Electronic books. 
700 1 |a Harris, Pauline. 
710 2 |a ProQuest (Firm) 
856 4 0 |u https://ebookcentral.proquest.com/lib/matrademy/detail.action?docID=483337  |z Click to View